Personnages de films, de A à Z - Statistiques

Statistiques générales
  • Ce quiz a été pris 221 fois
  • Le résultat moyen est 12 sur 26
Statistiques - réponses
Indices Réponses % Correct
Son fabuleux destin a été narré par Jean Pierre Jeunet Amélie Poulain
90%
Mythique vampire incarné par Gary Oldman Dracula
89%
Prénom d'un jeune homme un peu simple mais très bon en course et en ping pong Forrest
80%
Aventurier et professeur en archéologie créé par Georges Lucas Indiana Jones
78%
Membre des Avengers se protégeant avec une pièce de Vibranium Captain America
72%
Cet agent prend sa Vodka Martini au shaker, pas à la cuillère James Bond
72%
Cet ourson garde toujours un sandwich à la marmelade sous son chapeau Paddington
64%
Considéré comme un Kaiju, grimpeur de l'Empire State Building King Kong
60%
Une phrase à l'endroit, prononcer il ne sait pas Yoda
58%
Nom de famille de l'adversaire, rival et ami d'Apollo Creed Balboa
52%
Fabriquant de baguettes magiques le plus réputé de son univers Ollivander
52%
Ancien général bafoué de Rome, doit combattre dans l'arène pour sa survie Maximus
50%
Il a dégusté son foie avec des fèves au beurre et un excellent Chianti Hannibal Lecter
46%
Affronte Amonbofis dans un duel digne des plus grands films d'arts martiaux Numerobis
45%
Représentant du peuple nain de la Terre du Milieu, il deviendra le grand ami d'un Elfe contre toute attente Gimli
43%
Surnommé "Doc", cet inventeur de génie parvint à transformer une DeLorean en machine à voyager dans le temps Emmett Brown
40%
Compagne d'un Pere Noël, Thérèse l'a pris sous son aile Zezette
36%
Alter ego d'Eddy Brock, symbiote extraterrestre Venom
34%
Alliée et amante de l'élu de la Matrice Trinity
29%
Grand chevalier de son ordre reconnu pour sa sagesse, succomba face à Dark Maul Qui Gon Jinn
28%
Mère du futur leader de la rébellion contre les machines Sarah Connor
26%
Roi de l'armée Perse contre laquelle s'inclinera le spartiate Leonidas Xerxes
20%
Nom de famille de cette redoutable ennemie des Xenomorphes qui affrontera leur reine Ripley
18%
Nom de cette jeune femme qui fait une overdose dans Pulp Fiction Wallace
18%
Korben Dallas tombera amoureux d'elle au cours de leur voyage pour sauver le monde Leeloo
17%
Neveu du Papet dans Manon des Sources et Jean de Florette Ugolin
16%
Aucun quiz correspondant
Distribution des résultats
% des personnes avec chaque résultat
Percentile par nombre de réponses
Votre historique - résultats
Vous n’avez pas pris ce quiz